000 00622nam a2200241Ia 4500
003 OSt
005 20220924151951.0
006 a|||||r|||| 00| 0
007 ta
008 220923b |||||||| |||| 00| 0 mar d
020 _c60
024 _a340153
037 _cTextual
040 _aARTS
_cARTS
_bmar
041 _2mar
_amar
082 _aO155,1N192:g, M8
100 _aRaja Mangalvedekar
_9225423
245 0 _aShahir G.D. Mangoolakar
260 _c1988
650 _aMARATHI LITERATURE
_938000
942 _hO155,1N192:g, M8
_cTEXL
_2CC
999 _c468225
_d468225